Qaḍāyā ḥāʼirah. (Record no. 45796)

MARC details
000 -LEADER
fixed length control field 00510cam a22002171 4500
001 - CONTROL NUMBER
control field ne 63000822
003 - CONTROL NUMBER IDENTIFIER
control field DLC
005 - DATE AND TIME OF LATEST TRANSACTION
control field 20260227111744.0
008 - FIXED-LENGTH DATA ELEMENTS--GENERAL INFORMATION
fixed length control field 890301q19601969xx 000 0 ara
010 ## - LIBRARY OF CONGRESS CONTROL NUMBER
LC control number ne 63000822
035 ## - SYSTEM CONTROL NUMBER
System control number (OCoLC)23500274
040 ## - CATALOGING SOURCE
Original cataloging agency DLC
Transcribing agency MiU
Modifying agency DLC
042 ## - AUTHENTICATION CODE
Authentication code premarc
050 00 - LIBRARY OF CONGRESS CALL NUMBER
Classification number KJC65
Item number .H34
100 1# - MAIN ENTRY--PERSONAL NAME
Personal name Ḥāfiẓ, Ḥamdī.
245 10 - TITLE STATEMENT
Title Qaḍāyā ḥāʼirah.
260 ## - PUBLICATION, DISTRIBUTION, ETC.
Date of publication, distribution, etc. 196-.
300 ## - PHYSICAL DESCRIPTION
Extent 249 p.
Other physical details illus.
Dimensions 24 cm.
490 0# - SERIES STATEMENT
Series statement #
650 #0 - SUBJECT ADDED ENTRY--TOPICAL TERM
Topical term or geographic name entry element Trials
Geographic subdivision Europe.

No items available.

Powered by Koha